| 000 | 00590nam a2200217 a 4500 | ||
|---|---|---|---|
| 001 | BRL_732 | ||
| 005 | 20190320210854.0 | ||
| 008 | 300913s1970----mx-#######---#000-p#spa-# | ||
| 041 | _aspa | ||
| 044 | _amx | ||
| 050 | 4 |
_aPQ7244 _b.G37 1970 |
|
| 100 | 1 |
_aGarcia-Luna Cano, Jesús _924780 |
|
| 245 | 1 | 0 |
_aLa poesía de mis rimas es el eco de mi ser _cJesús Garria-Luna Cano. |
| 260 |
_aMéxico, D.F. _b[del autor] _c1970 |
||
| 300 |
_a102 p. _c22 cm. |
||
| 500 | _aAu777 | ||
| 500 | _aIncluye dedicatoria a Ruth Lechuga. | ||
| 650 | 1 | 4 |
_aPoesía _917631 |
| 902 | _aGRL | ||
| 942 |
_2lcc _cB |
||
| 999 |
_c9544 _d9544 |
||